CorelDraw! 4 made easy
| Other Authors: | |
|---|---|
| Format: | Book |
| Published: |
Berkeley :
Osborne/McGraw-Hill ,
1993
|
| Series: | Covers versions 3.0 & 4.0
|
| Subjects: |
MARC
| LEADER | 00000cam a2200000 7i4500 | ||
|---|---|---|---|
| 001 | 0000002921 | ||
| 002 | 000003160 | ||
| 005 | 20000330.0 | ||
| 020 | |a 007881961X | ||
| 090 | 0 | 0 | |a 006.6869 |b COR |
| 245 | 0 | 0 | |a CorelDraw! 4 made easy |c Emil et al |
| 260 | |a Berkeley : |b Osborne/McGraw-Hill , |c 1993 | ||
| 300 | |a 663p. : |b 22 cm | ||
| 490 | 0 | |a Covers versions 3.0 & 4.0 | |
| 650 | 0 | 0 | |a CorelDraw! 4# |a Computer graphics |
| 700 | 1 | |a Ihrig, Emil | |
| 999 | |a 035789 |b BUKU |c PINJAMAN |e PERPUSTAKAAN KOMUNITI PETALING JAYA | ||
| 999 | |a 035790 |b BUKU |c PINJAMAN |e PERPUSTAKAAN KOMUNITI PETALING JAYA | ||